Представление документа в формате MARC21

Поле Инд. ПП Название Значение
Тип записи a
Библиографический уровень m
001 Контрольный номер 40ba45e3d5304ca098bf6ff6da5556dc
005 Дата корректировки 20251001160452.0
020 a ISBN 978-5-392-41802-2
c Цена, тираж 255-00
084 a Индекс другой классификации/Индекс ББК 84(2=411.2)1
090 a Полочн. индекс 84(2=411.2)1
c Каталожный индекс 84(2=411.2)1
x Авторский знак Л 49
091 i Возрастная адресация (DOS) 12+
097 b Оператор Кондратьева; Попеленкова
100 1_ a Автор Лермонтов М. Ю.
q Полное имя Лермонтов Михаил Юрьевич
245 10 a Заглавие Герой нашего времени
b Продолж. заглавия роман : [12+]
c Ответственность художники: М. А. Врубель, Г. Г. Гагарин, В. А. Серов [и др.]
260 a Место издания Москва
b Издательство Проспект
c Дата издания 2025
300 a Объем 224 с.
b Иллюстрации/ тип воспроизводства ил.
440 _0 a Серия Роман с книгой
900 a Имя макрообъекта о15711081
901 t Тип документа m